KOHA-Header-6

The Intel microprocessors : (Record no. 1)

000 -LEADER
fixed length control field 01358cam a2200337 a 4500
001 - CONTROL NUMBER
control field 15197752
003 - CONTROL NUMBER IDENTIFIER
control field OSt
005 - DATE AND TIME OF LATEST TRANSACTION
control field 20190611125134.0
008 - FIXED-LENGTH DATA ELEMENTS--GENERAL INFORMATION
fixed length control field 080228s2009 njua 001 0 eng
010 ## - LIBRARY OF CONGRESS CONTROL NUMBER
LC control number 2008009338
020 ## - INTERNATIONAL STANDARD BOOK NUMBER
International Standard Book Number 0135026458
020 ## - INTERNATIONAL STANDARD BOOK NUMBER
International Standard Book Number 9780135026458
035 ## - SYSTEM CONTROL NUMBER
System control number (OCoLC)ocn212627321
035 ## - SYSTEM CONTROL NUMBER
System control number (OCoLC)212627321
040 ## - CATALOGING SOURCE
Original cataloging agency DLC
Transcribing agency DLC
Modifying agency BAKER
-- BTCTA
-- YDXCP
-- C#P
-- BWX
-- DLC
050 00 - LIBRARY OF CONGRESS CALL NUMBER
Classification number QA76.8.I292
Item number B75 2009
082 00 - DEWEY DECIMAL CLASSIFICATION NUMBER
Classification number 004.165
Edition number 22
100 1# - MAIN ENTRY--PERSONAL NAME
Personal name Brey, Barry B.
245 14 - TITLE STATEMENT
Title The Intel microprocessors :
Remainder of title 8086/8088, 80186/80188, 80286, 80386, 80486, Pentium, Pentium Pro processor, Pentium II, Pentium III, Pentium 4, and Core2 with 64-bit extensions : architecture, programming, and interfacing /
Statement of responsibility, etc Barry B. Brey.
250 ## - EDITION STATEMENT
Edition statement 8th ed.
260 ## - PUBLICATION, DISTRIBUTION, ETC. (IMPRINT)
Place of publication, distribution, etc Upper Saddle River, N.J. :
Name of publisher, distributor, etc Pearson Prentice Hall,
Date of publication, distribution, etc c2009.
300 ## - PHYSICAL DESCRIPTION
Extent xviii, 925 p. :
Other physical details ill. ;
Dimensions 26 cm.
500 ## - GENERAL NOTE
General note Includes index.
650 #0 - SUBJECT ADDED ENTRY--TOPICAL TERM
Topical term or geographic name as entry element Intel 80xxx series microprocessors.
650 #0 - SUBJECT ADDED ENTRY--TOPICAL TERM
Topical term or geographic name as entry element Pentium (Microprocessor)
650 #0 - SUBJECT ADDED ENTRY--TOPICAL TERM
Topical term or geographic name as entry element Computer interfaces.
856 41 - ELECTRONIC LOCATION AND ACCESS
Materials specified Table of contents only
Uniform Resource Identifier <a href="http://www.loc.gov/catdir/toc/ecip0812/2008009338.html">http://www.loc.gov/catdir/toc/ecip0812/2008009338.html</a>
906 ## - LOCAL DATA ELEMENT F, LDF (RLIN)
a 7
b cbc
c orignew
d 1
e ecip
f 20
g y-gencatlg
942 ## - ADDED ENTRY ELEMENTS (KOHA)
Source of classification or shelving scheme
Koha item type Books
Holdings
Withdrawn status Lost status Source of classification or shelving scheme Damaged status Not for loan Collection code Permanent Location Current Location Shelving location Date acquired Total Checkouts Full call number Barcode Date last seen Date checked out Price effective from Koha item type
&nbsp; &nbsp; &nbsp; &nbsp; Not For Loan Computer Science MAJU MAJU &nbsp; 2019-12-28 1 004.165 9000 2019-09-15 2019-09-12 2019-06-11 Computer Science

Powered by Koha